| 000 | 01696cab a22002415a 4500 | ||
|---|---|---|---|
| 001 | L149182 | ||
| 008 | 100125e2009 xxk 000 0 eng d | ||
| 035 | _a(Sirsi) u149182 | ||
| 041 | 0 | _aeng | |
| 245 | 0 | 0 | _aZuckerman and Ors v Trustees of Calthorpe Estate |
| 260 | _c2009 | ||
| 520 | _a[2009] UKUT 235 (LC), LRA/97/2008 18 November 2009. Appeal against LVT decision by 11 leaseholders on a block of flats in the West Midlands claiming new leases under the Leasehold Reform Housing and Urban Development Act 1993. Appeal against the standard 5% deferment rate set out in "Sportelli v Earl Cadogan" (L146351) [2008] UKHL 71 on grounds of deterioration and obsolescence, prospects of future growth and the appropriate allowance for flats. Recognised that there was a greater risk of deterioration in the properties in the West Midlands than in Prime Central London as would have applied in ?Sportelli? allowing a 0.25% risk premium, 0.5% was allowed for future growth and an additional 0.5% for flats management problems. Deferment rate increased from 5% to 6%. | ||
| 590 | _aKA | ||
| 650 | 2 | 4 | _aEARL CADOGAN V PITTS & ANOR AND EARL CADOGAN & ORS V SPORTELLI & ANOR AND TWO OTHER ACTIONS |
| 650 | 2 | 4 | _aCULLEY V DAEJAN PROPERTIES LTD |
| 650 | 2 | 4 | _aZUCKERMAN V TRUSTEES OF CALTHORPE ESTATE |
| 650 | 2 | 4 | _aLEASEHOLD REFORM, HOUSING AND URBAN DEVELOPMENT ACT 1993 |
| 650 | 2 | 4 | _aSPORTELLI |
| 651 | 4 | _aENGLAND AND WALES | |
| 690 | _aRESIDENTIAL PROPERTY-RESIDENTIAL LANDLORD AND TENANT-RESIDENTIAL LEASES-RESIDENTIAL LEASEHOLD ENFRANCHISEMENT | ||
| 856 | 4 | 8 |
_uhttps://www.landstribunal.gov.uk/Aspx/view.aspx?id=644 _zView the items free of charge at www.landstribunal.gov.uk... |
| 942 | _n0 | ||
| 999 |
_c82081 _d82081 |
||